Tratamiento de las drogodependencias. (Registro nro. 2200)

Detalles MARC
000 -LEADER
fixed length control field 01103nam a2200229 a 4500
008 - CAMPO DE CONTROL (LIBRO)
fixed length control field 110706t1995 sp |||f |||| 001 0 spa d
020 ## - INTERNATIONAL STANDARD BOOK NUMBER
ISBN 848549847X
041 ## - CODIGO DE IDIOMA
Código de idioma del texto/pista de sonido o título separado spa
092 ## - SIGNATURA TOPOGRAFICA DEWEY LOCAL
número de clasificación 616.89
libristica 77
sección SCH
100 1# - ENTRADA PRINCIPAL--NOMBRE PERSONAL
Nombre personal Schnitmann, Luis
9 (RLIN) 3790
245 ## - TITULO PROPIAMENTE DICHO
Título Tratamiento de las drogodependencias.
Subtítulo y Título paralelo Heroína, cocaína, alcohol, tabaco, sintéticos /
Mención de responsabilidad y remanente de la transcripción de la portada Luis Schnitmann
250 ## - MENCION DE EDICION
Mención de edición 1a ed.
260 ## - PIE DE IMPRENTA
Lugar de publicación, distribución, etc Madrid:
Nombre de la editorial, distribuidor, etc Editorial Grupo Cero;
Fecha de publicación 1995.
300 ## - DESCRIPCION FISICA
Extension 80 p.
500 ## - NOTA GENERAL
Nota general Schnitmann, L. (1995). Tratamiento de las drogodependencias: Heroína, cocaína, alcohol, tabaco, sintéticos. (1a ed.). Madrid : Grupo Cero.
653 #3 - TÉRMINO INDIZADO - PALABRAS CLAVES
Palabra clave La enfermedad social-psiquiatrica. Niveles de gravedad
653 ## - TÉRMINO INDIZADO - PALABRAS CLAVES
Palabra clave Cortar el cordon umbilical. Distintas manifestaciones, el mismo punto de vista psicoanalitico (heroina, cocaina, alchool, tabaco, sinteticos)
653 ## - TÉRMINO INDIZADO - PALABRAS CLAVES
Palabra clave Indicaciones tepareuticas. Criterios para el reordenamiento de las indicaciones
653 ## - TÉRMINO INDIZADO - PALABRAS CLAVES
Palabra clave Ejercicios clínicos. Un caso tipico de "lo que pasa con la droga"
653 #3 - TÉRMINO INDIZADO - PALABRAS CLAVES
Palabra clave La prevención en entredicho o la crisis del padre
942 ## - ADDED ENTRY ELEMENTS (KOHA)
Source of classification or shelving scheme Dewey Decimal Classification
Item type Libros
Existencias
Estado de retiro Existencia Fuente de clasificación Estado general No para prestamo Ubicación permanente ubicación actual Sala de ubicación Fecha de adquisición Fuente de adquisición Total Checkouts Número de clasificación Código de barras Date last seen Número de ejemplar Price effective from Koha tipo de elemento (item) Public note
    Dewey Decimal Classification     Biblioteca Medicina Biblioteca Medicina Circulación 21/09/2015 Donación Alberto J. Molinari, Septiembre 2015   616.89 77 SCH 3539 21/09/2015 Ej.1 21/09/2015 Libros Donación Alberto J. Molinari, Septiembre 2015

UNIVERSIDAD NACIONAL DEL COMAHUE
Biblioteca de la Facultad de Ciencias Médicas
Sede Toschi: Los Arrayanes y Av. Toschi, Cipolletti  - Rio Negro
Sede Los Tordos:  Yrigoyen al 2211, Cipolletti - Rio Negro 

Teléfono: 0299 - 4774707 int 25
Contacto: biblioteca@facimed.uncoma.edu.ar
© 2011 - 2026